Vista normal
Vista MARC
Entrada Materia (personas)
Número de registros utilizados en: 1
001 - CONTROL NUMBER
- control field: 159988
003 - CONTROL NUMBER IDENTIFIER
- control field: Co-BoUCM
005 - DATE AND TIME OF LATEST TRANSACTION
- control field: 20211110133341.0
008 - FIXED-LENGTH DATA ELEMENTS
- fixed length control field: 211110|| aca||aabn | a|a d
040 ## - CATALOGING SOURCE
- Original cataloging agency: Co-BoUCM
- Transcribing agency: Co-BoUCM
100 ## - HEADING--PERSONAL NAME
- Personal name: Suelt Cock, Vannesa
670 ## - SOURCE DATA FOUND
- Source citation: Work cat.: (Co-BoUCM)39220: Tamayo Jaramillo, Javier 1946- 159986, El precedente judicial en Colombia papel y valor asignados a la jurisprudencia, 2012